[Event "Niederoesterreich Landesliga 1920"]
[Site "Austria"]
[Date "2020.01.12"]
[Round "5.3"]
[White "Khachatouri, Saro"]
[Black "Danner, Lambert"]
[Result "1/2-1/2"]
[WhiteElo "2005"]
[BlackElo "2011"]
[PlyCount "22"]
[EventDate "2019.09.22"]
[EventType "team-tourn"]
[EventRounds "9"]
[EventCountry "AUT"]
[SourceTitle "CBM 195 Extra"]
[Source "ChessBase"]
[SourceDate "2020.05.31"]
[SourceVersion "1"]
[SourceVersionDate "2020.05.31"]
[SourceQuality "1"]
[WhiteTeam "Stockerau"]
[BlackTeam "Boehlerwerk"]
[WhiteTeamCountry "AUT"]
[BlackTeamCountry "AUT"]

1. c4 f5 2. Nc3 Nf6 3. g3 d6 4. Bg2 e6 5. e3 g6 6. Nge2 Bg7 7. Rb1 a5 8. a3 0-0 9. 0-0 e5 10. d3 Be6 11. b4 axb4 1/2-1/2

[Event "North Austria-ch Seniors 65"]
[Site "Spitz am Donau"]
[Date "2017.10.14"]
[Round "7"]
[White "Singer, Hans"]
[Black "Danner, Lambert"]
[Result "1-0"]
[WhiteElo "2199"]
[BlackElo "2054"]
[PlyCount "71"]
[EventDate "2017.10.08"]
[EventType "swiss"]
[EventRounds "7"]
[EventCountry "AUT"]
[SourceTitle "CBM 181 Extra"]
[Source "ChessBase"]
[SourceDate "2017.12.12"]
[SourceVersion "1"]
[SourceVersionDate "2017.12.12"]
[SourceQuality "1"]

1. d4 d6 2. Nf3 Nd7 3. c4 e5 4. e4 Ngf6 5. Nc3 c6 6. Be2 Be7 7. 0-0 0-0 8. Rb1 a5 9. Re1 Qc7 10. Bf1 Re8 11. b3 exd4 12. Nxd4 Nc5 13. f3 Bd7 14. Be3 Rad8 15. Qd2 Bc8 16. Red1 Bf8 17. Rbc1 h6 18. a3 Kh7 19. b4 axb4 20. axb4 Na6 21. Qb2 c5 22. Ndb5 Qe7 23. bxc5 dxc5 24. Bf2 Rxd1 25. Rxd1 Rd8 26. Nd5 Nxd5 27. cxd5 Nb4 28. d6 Qg5 29. e5 b6 30. Bc4 Bb7 31. Qe2 Qg6 32. Bh4 Rd7 33. Be1 Kh8 34. Bxb4 cxb4 35. Kh1 Qg5 36. e6 1-0

[Event "WchT Seniors 65"]
[Site "Hersonissos"]
[Date "2017.05.02"]
[Round "9.4"]
[White "Danner, Lambert"]
[Black "Hammar, Bengt Erik"]
[Result "1/2-1/2"]
[WhiteElo "2043"]
[BlackElo "2165"]
[PlyCount "153"]
[EventDate "2017.04.24"]
[EventType "team-swiss"]
[EventRounds "9"]
[EventCountry "GRE"]
[SourceTitle "CBM 178 Extra"]
[Source "ChessBase"]
[SourceDate "2017.06.22"]
[SourceVersion "1"]
[SourceVersionDate "2017.06.22"]
[SourceQuality "1"]
[WhiteTeam "Austria"]
[BlackTeam "Sweden"]
[WhiteTeamCountry "AUT"]
[BlackTeamCountry "SWE"]

1. d4 Nf6 2. c4 e6 3. g3 d5 4. Nf3 Be7 5. Bg2 0-0 6. Nc3 b6 7. 0-0 Bb7 8. cxd5 exd5 9. Bf4 c6 10. Qc2 Nbd7 11. Rac1 Re8 12. Rfd1 h6 13. h3 Rc8 14. Qb1 Nf8 15. b4 Ng6 16. Ne5 Nxf4 17. gxf4 Bd6 18. a3 a5 19. Qb3 axb4 20. axb4 Nh5 21. e3 b5 22. Bf3 Nf6 23. Kh1 Qe7 24. Nd3 Rc7 25. Rg1 Bc8 26. Rg3 Bf5 27. Nc5 Bxc5 28. bxc5 Be4 29. Bxe4 Nxe4 30. Nxe4 Qxe4+ 31. Kh2 Ra7 32. Qb1 Qxb1 33. Rxb1 Ra2 34. Kg2 Rea8 35. Kf3 Rd2 36. Rbg1 g6 37. h4 Raa2 38. R3g2 Kf8 39. f5 gxf5 40. Rg8+ Ke7 41. Rf1 f4 42. Kxf4 Rxf2+ 43. Rxf2 Rxf2+ 44. Kg3 Rf6 45. Rb8 Kd7 46. Ra8 Kc7 47. Kg2 Kb7 48. Ra1 Re6 49. Kf3 Re4 50. Ke2 Rxh4 51. Rf1 f5 52. Rxf5 b4 53. Kd3 Rh2 54. Rf1 Ka6 55. Ra1+ Kb5 56. Ra8 Rg2 57. Rh8 Rg6 58. Ra8 h5 59. Rh8 Ka4 60. Rxh5 Kb3 61. Rh8 Rg1 62. Rb8 Rd1+ 63. Ke2 Rc1 64. Rb6 Kc3 65. Rxc6 b3 66. Rb6 b2 67. c6 Kc2 68. e4 dxe4 69. d5 b1Q 70. Rxb1 Kxb1 71. Ke3 Rc4 72. c7 Rxc7 73. Kxe4 Kb2 74. d6 Rc1 75. Kd5 Kb3 76. d7 Kb4 77. Kd6 1/2-1/2

[Event "Niederoesterreich Landesliga 1516"]
[Site "Austria"]
[Date "2015.10.04"]
[Round "2.2"]
[White "Ehs, Dominik"]
[Black "Danner, Lambert"]
[Result "1/2-1/2"]
[WhiteElo "2061"]
[BlackElo "2110"]
[PlyCount "95"]
[EventDate "2015.09.27"]
[EventType "team-tourn"]
[EventRounds "11"]
[EventCountry "AUT"]
[SourceTitle "CBM 170 Extra"]
[Source "ChessBase"]
[SourceDate "2016.02.25"]
[SourceVersion "1"]
[SourceVersionDate "2016.02.25"]
[SourceQuality "1"]
[WhiteTeam "Mostarrichi"]
[BlackTeam "Boehlerwerk"]
[WhiteTeamCountry "AUT"]
[BlackTeamCountry "AUT"]

1. e4 d6 2. d4 Nf6 3. Nc3 e5 4. dxe5 dxe5 5. Qxd8+ Kxd8 6. Nf3 Bd6 7. Bg5 Be6 8. 0-0-0 Nbd7 9. Bb5 h6 10. Bxd7 Bxd7 11. Bh4 g5 12. Bg3 Re8 13. Rhe1 Kc8 14. h4 g4 15. Nd2 b5 16. Nf1 b4 17. Nd5 Nxd5 18. Rxd5 Be6 19. Rd2 a5 20. Ne3 f6 21. Nd5 Bxd5 22. Rxd5 h5 23. Red1 Kd7 24. Kd2 c6 25. Rd3 Ke6 26. Ke2 Rad8 27. f3 Rg8 28. Bf2 gxf3+ 29. gxf3 Bc7 30. Rxd8 Bxd8 31. Rg1 Rxg1 32. Bxg1 f5 33. Bf2 fxe4 34. fxe4 Kd6 35. Kd3 c5 36. c3 Kc6 37. cxb4 cxb4 38. Kc4 Be7 39. Bg3 Bd6 40. Bh2 Bc7 41. a3 bxa3 42. bxa3 Bd8 43. Bg3 Be7 44. a4 Bd6 45. Be1 Bc7 46. Bf2 Bd8 47. Be1 Bc7 48. Bf2 1/2-1/2

[Event "EU-chT Seniors"]
[Site "Vienna"]
[Date "2015.07.17"]
[Round "6.13"]
[White "Danner, Lambert"]
[Black "Hollstein, Joachim"]
[Result "1/2-1/2"]
[WhiteElo "2112"]
[BlackElo "2050"]
[PlyCount "70"]
[EventDate "2015.07.12"]
[EventType "team-swiss"]
[EventRounds "9"]
[EventCountry "AUT"]
[SourceTitle "EXT 2018"]
[Source "ChessBase"]
[SourceDate "2017.10.13"]
[SourceVersion "1"]
[SourceVersionDate "2017.10.13"]
[SourceQuality "1"]
[WhiteTeam "Niederoesterreich"]
[BlackTeam "DSW DBAG II"]
[WhiteTeamCountry "AUT"]
[BlackTeamCountry "GER"]

1. c4 Nf6 2. Nc3 d5 3. cxd5 Nxd5 4. g3 g6 5. Bg2 c6 6. d4 Bg7 7. e4 Nb6 8. Nge2 0-0 9. 0-0 Be6 10. b3 Qc8 11. Ba3 Re8 12. Rc1 Bh3 13. Qd2 Bxg2 14. Kxg2 Na6 15. Qe3 e5 16. dxe5 Bxe5 17. f4 Bg7 18. Rfe1 Nc7 19. Qf3 Qe6 20. e5 Rad8 21. Ne4 Nb5 22. Bb2 Nd5 23. a4 Nbc7 24. Nd4 Qe7 25. Nd6 Rxd6 26. exd6 Qxd6 27. Rxe8+ Nxe8 28. Qe2 Nec7 29. Nf3 Ne6 30. Be5 Qb4 31. Qb2 Bxe5 32. Nxe5 Qe4+ 33. Kf2 Qe3+ 34. Kf1 Qe4 35. Kf2 Qe3+ 1/2-1/2

[Event "EU-chT Seniors"]
[Site "Vienna"]
[Date "2015.07.14"]
[Round "3.15"]
[White "Danner, Lambert"]
[Black "Hellwege, Werner"]
[Result "1-0"]
[WhiteElo "2112"]
[BlackElo "1962"]
[PlyCount "100"]
[EventDate "2015.07.12"]
[EventType "team-swiss"]
[EventRounds "9"]
[EventCountry "AUT"]
[SourceTitle "EXT 2018"]
[Source "ChessBase"]
[SourceDate "2017.10.13"]
[SourceVersion "1"]
[SourceVersionDate "2017.10.13"]
[SourceQuality "1"]
[WhiteTeam "Niederoesterreich"]
[BlackTeam "Niedersachsen Freibauer"]
[WhiteTeamCountry "AUT"]
[BlackTeamCountry "GER"]

1. g3 d5 2. c4 d4 3. Nf3 Nc6 4. d3 e5 5. Bg2 Bb4+ 6. Nbd2 a5 7. 0-0 Nf6 8. a3 Be7 9. b3 0-0 10. Bb2 Bf5 11. Qc2 Qd7 12. Rfe1 Rfe8 13. Rad1 Rad8 14. Ne4 Nxe4 15. dxe4 Bh3 16. e3 Bxg2 17. Kxg2 Bf6 18. exd4 Nxd4 19. Qc3 Qc6 20. Nd2 Bg5 21. Nf1 f5 22. f3 f4 23. Rd3 b6 24. Red1 Bf6 25. Qe1 Qc5 26. Bxd4 exd4 27. gxf4 Qxa3 28. e5 c5 29. Nd2 Qb4 30. Ra1 b5 31. cxb5 Qxb5 32. Nc4 Ra8 33. Rxa5 Rxa5 34. Qxa5 Qxa5 35. Nxa5 Bh4 36. Kh3 Be1 37. Nb7 Bb4 38. Kg4 Rb8 39. Nd6 Bc3 40. Ne4 Rxb3 41. Nxc5 Rb2 42. h4 Re2 43. Na4 Ba1 44. Ra3 Re1 45. Kf5 Kf7 46. Nc5 g6+ 47. Kg5 Rg1+ 48. Kh6 Rh1 49. Ra7+ Kf8 50. Ne6+ Ke8 1-0

[Event "Niederoesterreich Landesliga 1415"]
[Site "Austria"]
[Date "2015.03.15"]
[Round "10.4"]
[White "Danner, Lambert"]
[Black "Lechner, Daniel"]
[Result "0-1"]
[WhiteElo "2115"]
[BlackElo "2211"]
[PlyCount "66"]
[EventDate "2014.10.05"]
[EventType "team-tourn"]
[EventRounds "11"]
[EventCountry "AUT"]
[SourceTitle "EXT 2016"]
[Source "ChessBase"]
[SourceDate "2015.10.08"]
[SourceVersion "1"]
[SourceVersionDate "2015.10.08"]
[SourceQuality "1"]
[WhiteTeam "Boehlerwerk"]
[BlackTeam "Bad Voeslau/Kottingbrunn"]
[WhiteTeamCountry "AUT"]
[BlackTeamCountry "AUT"]

1. g3 d5 2. c4 c6 3. Nf3 g6 4. Bg2 Bg7 5. 0-0 Nf6 6. d4 0-0 7. Qb3 dxc4 8. Qxc4 Bf5 9. Nc3 Nbd7 10. Bf4 Rc8 11. b4 Nb6 12. Qb3 Ne4 13. Nxe4 Bxe4 14. Rad1 Qd5 15. Qc3 e6 16. a3 Rfd8 17. Qa1 Nc4 18. Qc1 b5 19. Ne1 Bxg2 20. Nxg2 Qh5 21. Bg5 Rxd4 22. Rxd4 Bxd4 23. Qf4 Be5 24. Qc1 Bb2 25. Qf4 Be5 26. Qc1 Qxe2 27. Re1 Qf3 28. Ne3 Bd4 29. Qc2 Qh5 30. Nxc4 Qxg5 31. Nd6 Rd8 32. Qxc6 Qd2 33. Rf1 Rxd6 0-1

[Event "Vienna-ch op"]
[Site "Vienna"]
[Date "2014.09.08"]
[Round "3"]
[White "Sepetavc, Walter"]
[Black "Danner, Lambert"]
[Result "1-0"]
[WhiteElo "1940"]
[BlackElo "2115"]
[PlyCount "30"]
[EventDate "2014.09.06"]
[EventType "swiss"]
[EventRounds "9"]
[EventCountry "AUT"]
[SourceTitle "CBM 162 Extra"]
[Source "ChessBase"]
[SourceDate "2014.10.17"]
[SourceVersion "1"]
[SourceVersionDate "2014.10.17"]
[SourceQuality "1"]

1. Nf3 d6 2. e4 e5 3. d4 Nf6 4. Nc3 Nbd7 5. Bc4 Be7 6. 0-0 c6 7. a4 0-0 8. Re1 Qc7 9. h3 Rb8 10. Be3 b6 11. Bb3 Bb7 12. Nh4 Nxe4 13. Nf5 Ndf6 14. Nxe4 Nxe4 15. Qg4 Bc8 1-0

[Event "Vienna Husek op"]
[Site "Vienna"]
[Date "2014.07.09"]
[Round "5"]
[White "Fernandez, Daniel Howard"]
[Black "Danner, Lambert"]
[Result "1-0"]
[WhiteElo "2396"]
[BlackElo "2089"]
[PlyCount "49"]
[EventDate "2014.07.05"]
[EventType "swiss"]
[EventRounds "9"]
[EventCountry "AUT"]
[SourceTitle "CBM 161 Extra"]
[Source "ChessBase"]
[SourceDate "2014.08.29"]
[SourceVersion "1"]
[SourceVersionDate "2014.08.29"]
[SourceQuality "1"]

1. e3 e5 2. c4 f5 3. b3 Nf6 4. Bb2 d6 5. f4 e4 6. Nc3 Be6 7. Nge2 Nc6 8. a3 Be7 9. d3 d5 10. dxe4 dxe4 11. Nd4 Nxd4 12. exd4 Qd6 13. d5 Bf7 14. Qd2 c6 15. dxc6 Qxc6 16. 0-0-0 Rd8 17. Qe3 Rxd1+ 18. Nxd1 a6 19. Qc3 0-0 20. Ne3 Be6 21. Be2 Rc8 22. Kb1 b5 23. Qe5 bxc4 24. Nxf5 Bf8 25. Nd4 1-0